[Event "Rome Elo op 1st"]
[Site "Rome"]
[Date "2008.10.15"]
[Round "1"]
[White "D'Amico, Salvatore"]
[Black "Capitani, Roberto"]
[Result "1-0"]
[WhiteElo "1910"]
[BlackElo "1599"]
[PlyCount "109"]
[EventDate "2008.10.15"]
[EventType "swiss"]
[EventRounds "7"]
[EventCountry "ITA"]
[SourceTitle "EXT 2011"]
[Source "ChessBase"]
[SourceDate "2010.11.26"]
[SourceVersion "1"]
[SourceVersionDate "2010.11.26"]
[SourceQuality "1"]

1. e4 c6 2. d4 d5 3. e5 Bf5 4. Nf3 Nd7 5. Nh4 Bg6 6. Nc3 e6 7. Nxg6 hxg6 8. Bd3 Nh6 9. Bd2 Nf5 10. Ne2 Qb6 11. Bc3 Nh4 12. 0-0 Be7 13. a4 a5 14. Nc1 c5 15. dxc5 Bxc5 16. Bb5 0-0-0 17. Qd2 Bb4 18. Bxb4 axb4 19. Nd3 Qd4 20. Bxd7+ Kxd7 21. Qxb4 Qxb4 22. Nxb4 Rh7 23. Ra3 Rdh8 24. h3 Rh5 25. Nd3 Rg5 26. g3 Nf3+ 27. Kg2 Nh4+ 28. Kh1 Nf5 29. Kh2 Nd4 30. f4 Rgh5 31. h4 Nxc2 32. Nc5+ Ke7 33. Rc3 Nb4 34. Nxb7 Kd7 35. Rfc1 Rb8 36. Rc7+ Ke8 37. Nd6+ Kf8 38. Rc8+ Rxc8 39. Rxc8+ Ke7 40. Rc7+ Kf8 41. Rxf7+ Kg8 42. Rb7 Nd3 43. a5 Nxf4 44. Rb8+ Kh7 45. Nf7 g5 46. Rh8+ Kg6 47. Rxh5 Nxh5 48. Nxg5 d4 49. a6 d3 50. Nf3 Kf5 51. a7 Ke4 52. Kg2 Ke3 53. a8Q d2 54. Qa7+ Ke2 55. Qf2+ 1-0